000 00610nam a22002177a 4500
003 UA-OsUOA
001 82638
007 ta
008 20120315b un ||||| |||| 00| 0 ukr d
100 _aДанилюк Н.О.
090 _a81
_bД18
942 _cSA
040 _aUA-OsUOA
_bukr
_cUA-OsUOA
_dUA-OsUOA
245 _aЗнакова природа народнопісенного слова
300 _aС.55-64
955 _a0
041 _aukr
080 _a81
773 0 _w82634
650 7 _a8 Мовознавство. Художня література. Літературознавство
_2UDC
999 _c368953
_d368953